| 000 | nam a22 7a 4500 | ||
|---|---|---|---|
| 999 |
_c127803 _d127803 |
||
| 008 | 180326b xxu||||| |||| 00| 0 eng d | ||
| 020 | _a2259002099 | ||
| 050 | _aE99.T34.F57 | ||
| 100 |
_aUshte, Tahca _941069 |
||
| 245 |
_aDe memoire indienne: _bla vie d'un sioux, voyant et guerisseur _c/ by Tahca Ushte et Richard Erdoes |
||
| 260 |
_bPlon, _c1977 |
||
| 300 |
_a332p.; _c21cm. |
||
| 440 |
_aTerre humaine _941070 |
||
| 650 |
_aTenton Indians _941071 |
||
| 700 |
_aFire, John _941072 |
||
| 700 |
_aEdoes, Richard _941073 |
||
| 700 |
_aQueval, Jean _etr. _941074 |
||
| 942 |
_2lcc _cMONOGRAPH |
||